Central Library OPAC University of Rajshahi

The use of imagination : (Record no. 18973)

MARC details
000 -LEADER
fixed length control field 00840nam a2200277 a 4500
001 - CONTROL NUMBER
control field 18973
003 - CONTROL NUMBER IDENTIFIER
rucl marc code BD-RjUL
005 - DATE AND TIME OF LATEST TRANSACTION
control field 20211209000351.0
008 - FIXED-LENGTH DATA ELEMENTS--GENERAL INFORMATION
fixed length control field 140222s1966 enk 000 1 eng d
035 ## - SYSTEM CONTROL NUMBER
System control number (OCoLC)40318578
-- (BD-RjUL)19031
040 ## - CATALOGING SOURCE
Original cataloging agency URB
Modifying agency m.c.
-- OCL
-- BD-RjUL
Language of cataloging eng
Transcribing agency UkOxU
041 ## - LANGUAGE CODE
Language code of text/sound track or separate title eng
082 04 - DEWEY DECIMAL CLASSIFICATION NUMBER
Classification number 820.9
Author mark and year WAU 1966
090 ## - LOCALLY ASSIGNED LC-TYPE CALL NUMBER (OCLC); LOCAL CALL NUMBER (OCLC)
Classification number (OCLC) (R) ; Classification number, CALL (RLIN) (NR) PR149.I45
Local cutter number (OCLC) ; Book number/undivided call number, CALL (RLIN) W3
100 1# - MAIN ENTRY--PERSONAL NAME
Personal name Walsh, William,
Dates associated with a name 1916-1996
9 (RLIN) 52966
245 14 - TITLE STATEMENT
Title The use of imagination :
Remainder of title educational thought and the literary mind /
Statement of responsibility, etc. William Walsh.
260 ## - PUBLICATION, DISTRIBUTION, ETC. (IMPRINT)
Place of publication, distribution, etc. London :
Name of publisher, distributor, etc. Chatto & Windus,
Date of publication, distribution, etc. c1966.
300 ## - PHYSICAL DESCRIPTION
Pagination 252 p. ;
Size 23 cm.
504 ## - BIBLIOGRAPHY, ETC. NOTE
Bibliography, etc Bibliographical footnotes
650 #0 - SUBJECT ADDED ENTRY--TOPICAL TERM
Topical term or geographic name as entry element American literature.
9 (RLIN) 58490
Topical term or geographic name as entry element Education
9 (RLIN) 58491
Topical term or geographic name as entry element English literature
9 (RLIN) 58492
Topical term or geographic name as entry element Imagination
9 (RLIN) 58493
942 ## - ADDED ENTRY ELEMENTS (KOHA)
Source of classification or shelving scheme Dewey Decimal Classification
Koha item type Books
Holdings
Lost status Source of classification or shelving scheme Damaged status Not for loan Permanent Location Current Location Shelving location Date acquired Source of acquisition Cost, normal purchase price Total Checkouts Full call number Date last seen Copy number Koha item type
  Dewey Decimal Classification     Central Library, University of Rajshahi Central Library, University of Rajshahi   20/10/1990 shaukat Osman, Dhaka 0.00   820.9 WAU 1966 22/02/2014 C-2 Books